| 000 | 01214cam a2200313 a 4500 | ||
|---|---|---|---|
| 005 | 20060727202709.0 | ||
| 008 | 970612s1997 ii b 001 0 eng | ||
| 010 | _aENG-95511 | ||
| 020 |
_a0198065108 _c375.00 |
||
| 020 |
_a9780198065104 _c375.00 |
||
| 035 | _aEN-79044 | ||
| 037 | _bDBAD/PUB | ||
| 040 | _aDPL | ||
| 082 |
_a291.1720954 _22 |
||
| 100 | _aMadan, T. N. | ||
| 245 |
_aModern myths, locked minds : _bsecularism and fundamentalism in India / _cby T.N. Madan. |
||
| 250 | _a2nd. ed. | ||
| 260 |
_a New Delhi _bOxford University Press, _c2009 |
||
| 270 |
_aYMCA building, Jai singh road _bNew Delhi _e110001 |
||
| 300 |
_axxv, 374 p. ; _c22 cm.(Pbk) |
||
| 504 | _aIncludes bibliographical references and index. | ||
| 650 |
_aSecularism _zIndia. |
||
| 650 | _aFundamentalism. | ||
| 651 |
_aIndia _xReligion. |
||
| 856 |
_3Publisher description _uhttp://www.loc.gov/catdir/enhancements/fy0640/97900357-d.html |
||
| 942 |
_2ddc _cEN _mMAD _h291.1720954 |
||
| 999 |
_c31947 _d31947 |
||